Factores económicos y sociales de los conflictos políticos y sociales de Chiapas, 1982-1986 /
Shranjeno v:
| Glavni avtor: | |
|---|---|
| Format: | Knjiga |
| Jezik: | španščina |
| Teme: | |
| Oznake: |
Brez oznak, prvi označite!
|
MARC
| LEADER | 00000nam^a2200000^a^4500 | ||
|---|---|---|---|
| 001 | 000260639 | ||
| 005 | 20250521000000.0 | ||
| 009 | 20260310110445.979 | ||
| 037 | |a Acervo Xavier Clavigero | ||
| 041 | |a ESP | ||
| 082 | |a 330. 97275063 |b JIM | ||
| 100 | |a Jiménez de Sandi Valle, Alfonso |e (autor) | ||
| 245 | 1 | 0 | |a Factores económicos y sociales de los conflictos políticos y sociales de Chiapas, 1982-1986 / |c A. Jiménez de Sandi Valle. |
| 264 | |a México : |b edición de autor, |c 1987 | ||
| 300 | |a 187 p. | ||
| 336 | |a texto |b txt |2 rdacontenido | ||
| 337 | |a sin mediación |b n |2 rdamedio | ||
| 338 | |a volumen |b nc |2 rdasoporte | ||
| 593 | |a Tesis de Lic. en Sociología, UNAM | ||
| 649 | |a XX | ||
| 650 | |a Problemas Sociales - |z Chiapas | ||
| 650 | |a Problemas Sociales - |z México | ||
| 650 | |a Ideología - |z Chiapas | ||
| 650 | |a Ideología - |z México | ||
| 650 | |a Poder Político - |z Chiapas | ||
| 650 | |a Poder Político - |z México | ||
| 650 | |a Tenencia de la Tierra - |z Chiapas | ||
| 650 | |a Tenencia de la Tierra - |z México | ||
| 650 | |a Política - |z Chiapas - |x Historia - |y 1980-1989 | ||
| 650 | |a Política - |z México - |x Historia - |y 1980-1989 | ||
| 650 | |a Política - |z Chiapas - |x Historia - |y Siglo XX | ||
| 650 | |a Política - |z México - |x Historia - |y Siglo XX | ||
| 650 | |a Economía - |z Chiapas - |x Historia - |y 1980-1989 | ||
| 650 | |a Economía - |z México - |x Historia - |y 1980-1989 | ||
| 650 | |a Economía - |z Chiapas - |x Historia - |y Siglo XX | ||
| 650 | |a Economía - |z México - |x Historia - |y Siglo XX | ||
| 650 | |a Chiapas - |x Condiciones Sociales y Culturales | ||
| 650 | |a México - |x Condiciones Sociales y Culturales | ||
| 650 | |a Chiapas - |x Condiciones Políticas | ||
| 650 | |a México - |x Condiciones Políticas | ||
| 650 | |a Chiapas - |x Condiciones Económicas | ||
| 650 | |a México - |x Condiciones Económicas | ||
| 910 | |a Fondo General | ||
| 920 | |a Impresos - Tesis Externas | ||
| 930 | |a Colección General | ||
| 905 | |a 101 | ||
| 901 | |a 050221 |b IT1 |c ACC |u 20250521 | ||
| 902 | |a https://opac.biblio.iteso.mx/vufind/Record/000260639 | ||